Development of spiritual intelligence model for adolescents in Malaysia /
Saved in:
| Main Author: | |
|---|---|
| Format: | Thesis Book |
| Language: | English |
| Published: |
2015.
|
| Subjects: | |
| Tags: |
Add Tag
No Tags, Be the first to tag this record!
|
| LEADER | 01413cam a2200337 i 4500 | ||
|---|---|---|---|
| 001 | u1034577 | ||
| 003 | SIRSI | ||
| 005 | 201606061155 | ||
| 008 | 160606s2015 my a m 000 0 eng | ||
| 040 | |a UMM |d AUM |e rda | ||
| 043 | |a a-my--- | ||
| 090 | |a LB7 |b UMP 2015 Shabmh | ||
| 100 | 0 | |a Shamsiah Banu Mohamd Hanefar, |e author. | |
| 245 | 1 | 0 | |a Development of spiritual intelligence model for adolescents in Malaysia / |c Shamsiah Banu Binti Mohamd Hanefar. |
| 264 | 1 | |c 2015. | |
| 264 | 4 | |c 2015. | |
| 300 | |a xvi, 290 leaves : |b illustrations ; |c 30 cm. | ||
| 336 | |a text |2 rdacontent | ||
| 337 | |a unmediated |2 rdamedia | ||
| 338 | |a volume |2 rdacarrier | ||
| 502 | |b Ph.D |c Jabatan Kurikulum dan Teknologi Pengajaran, Fakulti Pendidikan, Universiti Malaya |d 2015. | ||
| 504 | |a Bibliography: leaves 255-271. | ||
| 650 | 0 | |a Teenagers |x Religious life |z Malaysia. | |
| 650 | 0 | |a Islam |x Customs and practices. | |
| 650 | 0 | |a Islam and education |z Malaysia. | |
| 650 | 0 | |a Spirituality |x Study and teaching (Higher) |z Malaysia. | |
| 710 | 2 | |a Universiti Malaya. |b Jabatan Kurikulum dan Teknologi Pengajaran, |e degree granting instution. | |
| 596 | |a 1 25 | ||
| 900 | |a NSM | ||
| 999 | |a LB7 UMP 2015 SHABMH |w LC |c 1 |i A516232831 |d 25/7/2022 |e 25/7/2022 |f 29/7/2016 |g 1 |l STACKS |m P01UTAMA |n 3 |r Y |s Y |t TESIS |u 28/7/2016 | ||
| 999 | |a LB7 UMP 2015 SHABMH |w LC |c 1 |i A517142973 |d 26/9/2018 |f 26/9/2018 |g 1 |l STACKS |m P25UMARCHI |r Y |s Y |t CD |u 26/9/2018 |1 AHSS | ||
